000 00736nam a22001937a 4500
999 _c27529
_d27529
003 BDDh-ASL
005 20231016062615.0
008 201022s1990 b ||||| |||| 00| 0 be d
040 _aBDDh-ASL
_cBDDh-ASL
041 _aben
082 _a920.754926
_bCHN
100 1 _aচৌধুরী, জাহিদুল গণি
_95711
245 1 0 _aনোয়াখালীর চরিতাভিধান /
246 _aNoakhalir Choritabhidhan
260 _aঢাকা:
_bএস আই চৌধুরী, টি আই চৌধুরী,
_c১৯৯০।
300 _a১৩৪ পৃষ্ঠা, :
_c২২ সে. মি.
650 0 _abiographical dictionary - চরিতাভিধান
_94665
942 _2ddc
_cBK